000 00626nam a2200217Ia 4500
008 220214s9999 xx 000 0 und d
100 _aGoncalves Paulo de Souza
245 0 _aInterspecific crosses in the genus Hevea: A preliminary progeny test of SALB resistant dwarf hybrids
260 _bPesquisa Agropecuaria Brsileira
_c1982
300 _a775-781
650 _aClone
650 _aHevea sp.
650 _aMicrocyclus ulei
650 _aOrtet
650 _aPollination
650 _aProgeny test
650 _aSelection
700 _aFernando Derick M
700 _aRossetti Adoaldo Guimaraes
942 _cRE
999 _c45746
_d45746